000 00603nam a2200181 4500
999 _c195924
_d195924
005 20230510152026.0
010 _aENG-136829
020 _a9788183249522
_c550.00
035 _aEN-120361
037 _bDBAD/PUB
082 _a337.541059
100 _aMujtaba, Syed Ali
245 _aIndia's Eastward Thrust:
_bPredicaments And Prospects/
_c By Syed Ali Mujtaba
260 _aNew Delhi
_bMittal Publications
_c2020
270 _a4594/9, Daryaganj
_bNew Delhi
_e110002
_minfo@mittalbooks.com
_k23250398
_l91-11-41564398
300 _a154p
_c22cm(hbk)
942 _2ddc
_cEN
_mMUJ
_h337.541059